| 000 | 00519nam a2200169 a 4500 | ||
|---|---|---|---|
| 001 | 492 | ||
| 003 | CDMR | ||
| 005 | 20131018100022.0 | ||
| 008 | 130130s1973||||||||||||||||||||||||||||d | ||
| 040 |
_aCDMR _bcat _cCDMR |
||
| 100 | 1 |
_aPalacios Salvador, Pedro _9350 |
|
| 245 | 1 | 0 |
_aComentaristas de política nacional de cuatro periódicos de Madrid _cPedro Palacios Salvador |
| 260 |
_a[Barcelona] _c1973 _b[s.n] |
||
| 650 | 0 | 4 |
_93625 _aDiaris _vSeccions, columnes, etc _xOpinió |
| 650 | 0 | 4 |
_91617 _aPremsa _zMadrid |
| 942 |
_cTSN _2udc |
||
| 999 |
_c492 _d492 |
||